000 00777 a2200229 4500
001 54331
005 20260407155815.0
008 260407a1960 arg spa d
003 AR-UNSa-BCEJYS
040 _aAR-UNSa-BCEJYS
_bspa
_cAR-UNSa-BCEJYS
080 _a330.1
_xCiencia económica. Conceptos fundamentales de teoría económica. Valor. Capital. Fondos
245 1 0 _aTeoría económica
250 _a2a. ed.
264 1 _aMadrid :
_bAguilar
_c1960
300 _a2 v. (472 ; 286 p.)
_c22 cm.
505 _a1. Circulación económica - 2. Plan económico y de equilibrio - 3. Teoría del dinero y de la ocupación
041 _aspa
942 _cBK
590 _aniveau_biblio:m niveau_hierar:0
100 1 _aSchneider, Erich
700 1 _aMorera Altisent, Juan Eugenio
999 _c5495
_d5495